Geliebte Heimat; (Record no. 5197)

MARC details
000 -LEADER
fixed length control field 00721cam a22002531 4500
001 - CONTROL NUMBER
control field af 48002756
003 - CONTROL NUMBER IDENTIFIER
control field DLC
005 - DATE AND TIME OF LATEST TRANSACTION
control field 20260227110857.0
008 - FIXED-LENGTH DATA ELEMENTS--GENERAL INFORMATION
fixed length control field 890516s1943 gw 000 0 ger c
010 ## - LIBRARY OF CONGRESS CONTROL NUMBER
LC control number af 48002756
035 ## - SYSTEM CONTROL NUMBER
System control number (OCoLC)19715828
040 ## - CATALOGING SOURCE
Original cataloging agency Yale Univ. Library
Transcribing agency CU
Modifying agency DLC
042 ## - AUTHENTICATION CODE
Authentication code premarc
050 00 - LIBRARY OF CONGRESS CALL NUMBER
Classification number PT2631.A834
Item number G4
100 1# - MAIN ENTRY--PERSONAL NAME
Personal name Paulus, Helmut,
Dates associated with a name 1900-
245 10 - TITLE STATEMENT
Title Geliebte Heimat;
Remainder of title drei Erzählungen.
250 ## - EDITION STATEMENT
Edition statement [1. Aufl.]
260 ## - PUBLICATION, DISTRIBUTION, ETC.
Place of publication, distribution, etc. Gütersloh,
Name of publisher, distributor, etc. C. Bertelsmann
Date of publication, distribution, etc. [1943]
300 ## - PHYSICAL DESCRIPTION
Extent 60 p.
Dimensions 17 cm.
440 #0 - SERIES STATEMENT/ADDED ENTRY--TITLE
Title Kleine Feldpost-Reihe
505 0# - FORMATTED CONTENTS NOTE
Formatted contents note Geliebte Heimat.--Das allzuharte Herz.--Der Gerstenacker.
740 4# - ADDED ENTRY--UNCONTROLLED RELATED/ANALYTICAL TITLE
Uncontrolled related/analytical title Das allzuharte Herz.
740 4# - ADDED ENTRY--UNCONTROLLED RELATED/ANALYTICAL TITLE
Uncontrolled related/analytical title Das Gerstenacker.

No items available.

Powered by Koha